Normal view
MARC view
Entry Personal Name
001 - CONTROL NUMBER
- control field: 10561
003 - CONTROL NUMBER IDENTIFIER
- control field: ARRUPE
005 - DATE AND TIME OF LATEST TRANSACTION
- control field: 20140604125007.0
008 - FIXED-LENGTH DATA ELEMENTS
- fixed length control field: 140604|| aca||aabn | a|a d
040 ## - CATALOGING SOURCE
- Original cataloging agency: ARRUPE
- Transcribing agency: ARRUPE
100 ## - HEADING--PERSONAL NAME
- Personal name: Foster,Jonathan K
670 ## - SOURCE DATA FOUND
- Source citation: Work cat.: (ARRUPE): Foster,Jonathan K, Memory, 2009